Chuyển đến nội dung
Inicio
Centros participantes
Catálogo
Servicios
Contacto
Đăng nhập
English
Deutsch
Español
Français
Italiano
日本語
Nederlands
Português
Português (Brasil)
中文(简体)
中文(繁體)
Türkçe
עברית
Gaeilge
Cymraeg
Ελληνικά
Català
Euskara
Русский
Čeština
Suomi
Svenska
polski
Dansk
slovenščina
اللغة العربية
বাংলা
Galego
Tiếng Việt
Hrvatski
हिंदी
Հայերէն
Українська
Sámegiella
Ngôn ngữ
Tất cả các trường
Tiêu đề
Tác giả
Chủ đề
Số hiệu
số ISBN/ISSN
Nhãn
Tìm kiếm
Nâng cao
The Debt crisis in Latin Améri...
Trích dẫn điều này
Email này
In
Xuất bản ghi
Xuất tới RefWorks
Xuất tới EndNoteWeb
Xuất tới EndNote
Lưu vào danh sách
Liên kết dài hạn
Agregar primera valuación
The Debt crisis in Latin América
Đã lưu trong:
Chi tiết về thư mục
Tác giả của công ty:
Institute of Latin American Studies
Định dạng:
Texto
Được phát hành:
Stockholm:
ILAS
Các nhãn:
Thêm thẻ
Không có thẻ, Là người đầu tiên thẻ bản ghi này!
Đang giữ
Miêu tả
Những bình luận
Những quyển sách tương tự
Chế độ xem nhân viên
MARC
LEADER
00000 a a2200000 04500
001
24684
003
040
020
|a
91-87134-01-2
090
|a
177600
110
|a
Institute of Latin American Studies
245
|a
The Debt crisis in Latin América
260
|a
Stockholm:
|b
ILAS
300
|a
199 p.; n. 13
|b
**no definido**
999
|c
16665
|d
16665
Những quyển sách tương tự
Paz, desarme y desarrollo en América Latina /
Bằng: Varas Fernández, Augusto
Transnacionalización y desarrollo nacional en América Latina /
Bằng: Tomassini, Luciano
Frustaciones de un destino: la democracia en América Latina /
Bằng: Paz, Octavio
América Latina, Europa Occidental y Estados Unidos: ¿ un nuevo triángulo Atlántico ? /
Bằng: Grabendorff, Wolf
El Estudio de las relaciones internacionales en América Latina y el Caribe
Bằng: Perina, Rubén M.